[Event "Zlin Region-chT 2223"]
[Site "Czech Republic"]
[Date "2022.11.27"]
[Round "4.7"]
[White "Simek, Viktor"]
[Black "Surovec, Vladimir"]
[Result "1-0"]
[WhiteElo "1558"]
[BlackElo "1641"]
[PlyCount "73"]
[EventDate "2022.10.09"]
[EventType "team-tourn"]
[EventRounds "11"]
[EventCountry "CZE"]
[SourceTitle "EXT 2024"]
[Source "ChessBase"]
[SourceDate "2023.10.10"]
[SourceVersion "1"]
[SourceVersionDate "2023.10.10"]
[SourceQuality "1"]
[WhiteTeam "Zlin II"]
[BlackTeam "Francova Lhota Sokol"]
[WhiteTeamCountry "CZE"]
[BlackTeamCountry "CZE"]

1. e4 d5 2. d4 c6 3. exd5 cxd5 4. c4 e6 5. Nf3 Nf6 6. Nc3 Be7 7. Bd3 0-0 8. 0-0 Nc6 9. a3 a6 10. cxd5 exd5 11. h3 h6 12. Bc2 Bd6 13. Qd3 Ne7 14. Nh4 g5 15. Nf3 Bf5 16. Qe2 Bxc2 17. Qxc2 Rc8 18. h4 g4 19. Ne5 Kg7 20. Qe2 h5 21. Qe3 Rh8 22. f3 Ng6 23. f4 Kf8 24. Nxg6+ fxg6 25. f5 Rg8 26. Qh6+ Kf7 27. fxg6+ Rxg6 28. Qh7+ Rg7 29. Qxh5+ Kg8 30. Qf5 Be7 31. Bg5 Rc6 32. Rae1 Qb6 33. Bxf6 Rxf6 34. Qxd5+ Kh7 35. Rxf6 Bxf6 36. Qh5+ Kg8 37. Re8# 1-0